Movies Quiz

Random Movies or Year Quiz

IMDB's Top 30 Movies by Year Quiz Stats

 Plays Quiz not verified by Sporcle

Score 0/25 Timer 03:00
0 Plays Today
Movie Year % Correct
The Shawshank Redemption / Pulp Fiction1994
97.5%
The Dark Knight2008
96.5%
Fight Club / The Matrix1999
96.5%
The Godfather1972
96%
The Lord of the Rings: The Fellowship of the Ring2001
96%
Inception2010
95.5%
Schindler's List1993
95%
The Lord of the Rings: The Return of the King2003
95%
The Silence of the Lambs1991
93.5%
Goodfellas1990
93%
The Usual Suspects / Se7en1995
93%
The Godfather Part II1974
92.5%
Star Wars1977
92%
Movie Year % Correct
Raiders of the Lost Ark1981
92%
One Flew Over the Cuckoo's Nest1975
91.5%
The Empire Strikes Back1980
91%
Casablanca1942
88.6%
Psycho1960
87.6%
Memento2000
87.1%
It's a Wonderful Life1946
82.1%
The Good, The Bad, The Ugly1966
81.1%
Rear Window / Seven Samurai1954
79.6%
City of God2002
79.1%
12 Angry Men1957
78.6%
Once Upon A Time In The West1968
72.1%

You're not logged in!

Compare scores with friends on all Sporcle quizzes.
OR
Log In

Show Comments

Extras

Created Apr 30, 2011ReportNominate
Tags:Year Quiz, imdb, release, released

Top Quizzes Today


Score Distribution

Your Account Isn't Verified!

In order to create a playlist on Sporcle, you need to verify the email address you used during registration. Go to your Sporcle Settings to finish the process.

Report this User

Report this user for behavior that violates our Community Guidelines.

Details: